Lịch sử truyền thống Đảng Bộ và nhân dân phường Phú Hòa thời kỳ 1945 - 2010

Gồm: Khái quát những đặc điểm địa chí lịch sử của Phú Hòa; nhân dân Phú Hòa trong cuốc kháng chiến chống thực dân Pháp xâm lược 1945 - 1954; nhân dân Phú hòa trong cuốc kháng chiến chống Mỹ cứu nước (1954 - 1975); Phú Hòa trong công cuộc xâ...

Descripción completa

Guardado en:
Detalles Bibliográficos
Autor principal: Ban Chấp hành Đảng Bộ phường Phú Hòa
Formato: Libro
Lenguaje:Undetermined
Publicado: [?]. [?] 2010
Materias:
Acceso en línea:http://lrc.tdmu.edu.vn/opac/search/detail.asp?aID=2&ID=20165
Etiquetas: Agregar Etiqueta
Sin Etiquetas, Sea el primero en etiquetar este registro!
Thư viện lưu trữ: Trung tâm Học liệu Trường Đại học Thủ Dầu Một
LEADER 01576nam a2200205Ia 4500
001 TDMU_20165
008 210410s9999 xx 000 0 und d
082 |a 324.259774075 
090 |b B105 
100 |a Ban Chấp hành Đảng Bộ phường Phú Hòa 
245 0 |a Lịch sử truyền thống Đảng Bộ và nhân dân phường Phú Hòa thời kỳ 1945 - 2010 
245 0 |c Ban Chấp hành Đảng bộ phường Phú Hòa 
260 |a [?]. 
260 |b [?] 
260 |c 2010 
300 |a 280 tr 
520 |a Gồm: Khái quát những đặc điểm địa chí lịch sử của Phú Hòa; nhân dân Phú Hòa trong cuốc kháng chiến chống thực dân Pháp xâm lược 1945 - 1954; nhân dân Phú hòa trong cuốc kháng chiến chống Mỹ cứu nước (1954 - 1975); Phú Hòa trong công cuộc xây dựng và bảo vệ tổ quốc (1975 - 2010); phụ lục tổ quốc ghi công anh hùng liệt sĩ nguyên quán Phú Hòa, danh sách Ban chấp hành Chi, Đảng bộ và cán bộ đầu ngành qua các kỳ Đại hội Đảng của Phú Hòa (1975 - 2010). 
650 |a Đảng Cộng Sản  |x Lịch sử  |z Phường Phú Hòa (Bình Dương)  |y 1945 - 2010; Phường Phú Hòa (Bình Dương)  |x Lịch sử Đảng  |y 1945 - 2010 
856 |u http://lrc.tdmu.edu.vn/opac/search/detail.asp?aID=2&ID=20165 
980 |a Trung tâm Học liệu Trường Đại học Thủ Dầu Một